القياس النفسي والتقويم التربوي للمعلمين بين النظرية والتطبيق / (رقم التسجيلة. 25319)
[ عرض عادي ]
| 000 -الفاتح | |
|---|---|
| حقل البيانات ثابتة الطول | 00730nam a22002057a 4500 |
| 003 - محدد رقم الضبط | |
| رقم الضبط | OSt |
| 005 - وقت وتاريخ اخر تعامل مع التسجيلة | |
| رقم الضبط | 20150408114054.0 |
| 008 - عناصر البيانات ثابتة الطول - معلومات عامة | |
| حقل البيانات ثابتة الطول | 120729s2010 ua ak | b 000 0 ara d |
| 020 ## - الرقم الدولى المعيارى للكتب | |
| الرقم الدولى المعيارى للكتاب | 977619057X |
| 040 ## - مصدر الفهرسة | |
| وكالة الفهرسة الأصلية | MU |
| 082 ## - رقم تصنيف ديوى العشرى | |
| رقم الطبعة | 21 |
| رقم التصنيف | 371.144 |
| رقم المادة | ع ع ق |
| 100 #1 - المدخل الرئيسى - إسم شخصى | |
| الإسم الشخصى | علي، عماد أحمد حسن. |
| 9 (RLIN) | 16731 |
| 245 ## - بيان العنوان | |
| العنوان | القياس النفسي والتقويم التربوي للمعلمين بين النظرية والتطبيق / |
| بيان المسئوليه,etc | عماد أحمد حسن علي. |
| 250 ## - بيان الطبعة | |
| بيان الطبعة | ط. 1. |
| 260 ## - PUBLICATION, DISTRIBUTION, ETC. (IMPRINT) | |
| مكان الناشر او الموزع | القاهرة : |
| اسم الناشر او الموزع | دار السحاب، |
| تاريخ النشر أو التوزيع | 2010 |
| 300 ## - الوصف المادى | |
| التعداد | 238 ص. : |
| تفاصيل ماديه اخرى للوعاء | إيض. ؛ |
| أبعاد الوعاء | 24 سم. |
| 650 ## - المدخل الاضافى بالموضوع-مصطلح موضوعى | |
| مصطلح موضوعي أو اسم جغرافي كعنصر مدخل | المدرسون |
| التقسيم الفرعي العام | تقدير. |
| 9 (RLIN) | 16732 |
| 650 ## - المدخل الاضافى بالموضوع-مصطلح موضوعى | |
| مصطلح موضوعي أو اسم جغرافي كعنصر مدخل | المدرسون |
| التقسيم الفرعي العام | علم نفس. |
| 9 (RLIN) | 16733 |
| 942 ## - عناصر المدخل الإضافي( كوها) | |
| مصدر التصنيف او مخطط الترفيف | Dewey Decimal Classification |
| Koha [default] item type | DVD |
| حالة الفقد | نموذج السعر الفعال | حالة تلف | ليس للاعارة | رقم الطلب | رقم النسخة | تاريخ الاكتساب | الموقع الحالي | الباركود | الفرع الرئيسي | Date last seen | نوع المادة فى نظام كوها | مصدر التصنيف او خطة الترفيف | Total Checkouts | Date last checked out |
|---|---|---|---|---|---|---|---|---|---|---|---|---|---|---|
| 2013-03-10 | 371.144 ع ع ق | ن.1 | 2012-07-29 | المكتبة المركزية بالمجمعة (CL) | 00109360 | المكتبة المركزية بالمجمعة (CL) | 2013-03-10 | كتاب | Dewey Decimal Classification | |||||
| 2013-03-10 | 371.144 ع ع ق | ن.2 | 2012-07-29 | المكتبة المركزية بالمجمعة (CL) | 00109361 | المكتبة المركزية بالمجمعة (CL) | 2013-03-10 | كتاب | Dewey Decimal Classification | |||||
| 2013-03-10 | 371.144 ع ع ق | ن.3 | 2012-07-29 | المكتبة المركزية بالمجمعة (CL) | 00109362 | المكتبة المركزية بالمجمعة (CL) | 2013-03-10 | كتاب | Dewey Decimal Classification | |||||
| 2013-03-10 | 371.144 ع ع ق | ن.1 | 2012-07-29 | مكتبة كلية التربية بالزلفى - طالبات (EZF) | 00109365 | مكتبة كلية التربية بالزلفى - طالبات (EZF) | 2015-10-12 | كتاب | Dewey Decimal Classification | 3 | 2015-10-06 | |||
| 2013-03-10 | 371.144 ع ع ق | ن.2 | 2012-07-29 | مكتبة كلية التربية بالزلفى - طالبات (EZF) | 00109366 | مكتبة كلية التربية بالزلفى - طالبات (EZF) | 2015-02-08 | كتاب | Dewey Decimal Classification | 2 | 2015-02-04 | |||
| 2013-03-10 | 371.144 ع ع ق | ن.1 | 2012-07-29 | مكتبة مجمع الطالبات بالمجمعة (EMF) | 00109363 | مكتبة مجمع الطالبات بالمجمعة (EMF) | 2015-11-09 | كتاب | Dewey Decimal Classification | 1 | 2015-10-28 | |||
| 2013-03-10 | 371.144 ع ع ق | ن.2 | 2012-07-29 | مكتبة مجمع الطالبات بالمجمعة (EMF) | 00109364 | مكتبة مجمع الطالبات بالمجمعة (EMF) | 2013-03-10 | كتاب | Dewey Decimal Classification |
